Znalectvo praktikum
Na minha lista:
| Autor principal: | |
|---|---|
| Outros Autores: | , , , , , |
| Formato: | Livro |
| Idioma: | eslovaco |
| Publicado em: |
Bratislava
Wolters Kluwer SR
2019
|
| Edição: | 2. prepracované a rozšírené vydanie |
| Assuntos: | |
| Tags: |
Sem tags, seja o primeiro a adicionar uma tag!
|
MARC
| LEADER | 00000nam a2200000 4500 | ||
|---|---|---|---|
| 001 | 0260149 | ||
| 005 | 20240502074120.5 | ||
| 020 | |a 978-80-571-0115-4 | ||
| 041 | 0 | |a slo | |
| 044 | |a SK | ||
| 245 | 1 | 0 | |a Znalectvo |b praktikum |c Milan Kubica a kolektív ; recenzovali: Helena Majdúchová, Daniela Rybárová |
| 250 | |a 2. prepracované a rozšírené vydanie | ||
| 264 | 1 | |a Bratislava |b Wolters Kluwer SR |c 2019 | |
| 300 | |a 426 s. [17,36 AH] | ||
| 610 | 2 | 0 | |a znalectvo |
| 610 | 2 | 0 | |a úkony právne |
| 610 | 2 | 0 | |a posudky znalecké |
| 610 | 2 | 0 | |a účtovanie |
| 610 | 2 | 0 | |a ekonómia |
| 610 | 2 | 0 | |a manažment |
| 610 | 2 | 0 | |a ekonomika nová |
| 610 | 2 | 0 | |a riadenie |
| 610 | 2 | 0 | |a nehnuteľnosti |
| 610 | 2 | 0 | |a prostriedky dopravné |
| 610 | 2 | 0 | |a stroje |
| 610 | 2 | 0 | |a elektrotechnika |
| 610 | 2 | 0 | |a pohľadávky |
| 610 | 2 | 0 | |a zásoby |
| 610 | 2 | 0 | |a majetok nehmotný |
| 610 | 2 | 0 | |a ohodnocovanie |
| 100 | 1 | |a Kubica, Milan, 1958- | |
| 700 | 1 | |a Švejdová, Nikola | |
| 700 | 1 | |a Štetka, Peter, 1986- | |
| 700 | 1 | |a Jurina, Rastislav | |
| 700 | 1 | |a Kohút, Pavol | |
| 700 | 1 | |a Majdúchová, Helena, 1963- | |
| 700 | 1 | |a Rybárová, Daniela, 1967- | |